El palomar de caseros; los soldados de urquiza /

Guardado en:
Autor Principal: Urquiza, Alfredo F. de
Formato: Libro
Publicado: Buenos Aires : La Facultad, 1934
Edición:2a. ed.
Materias:
Etiquetas: Agregar Etiqueta
Sin Etiquetas, Sea el primero en etiquetar este registro!
LEADER 00591nam a22001935a 4500
001 CEM.cems006390
005 20060214000000.0
008 130507s1934##################000#0#####d
003 CEMS
082 0 4 |a 982.04 
100 1 |a Urquiza, Alfredo F. de 
245 1 0 |a El palomar de caseros; los soldados de urquiza / 
250 |a 2a. ed. 
260 |a Buenos Aires :  |b La Facultad,  |c 1934 
300 |a 237 p. 
653 |a Historia 
653 |a Historia argentina 
859 |a CEMS  |b BIB. CEMS - 11 de abril  |h 982.04  |i Ur6a2  |p 10248.81  |t Ej.2 
859 |a CEMS  |b BIB. CEMS - 11 de abril  |h 982.04  |i Ur6a2  |p 10375.81  |t Ej.1